00550nam a2200193 a 4500001001300000003000900013005001700022008004100039020002300080082001500103100001900118245007900137260004600216300000800262500003500270505001000305650002200315700001900337nice12345678IN_TiNIC20260116013643.0050524s1995 mada grp 000 0 eng  a8120608 c13500a294.4bTHO aThomas, Edward aJainism Or the Early Faith of Asoka With Illustrations of the Ancient Reli aMadrasbAsian Educational Services c1995 a82p aincludes index and biblioraphy2 aIndex aJainism and Asoka1 aThomas, Edward